[Event "Solingen-ch"]
[Site "Solingen"]
[Date "2016.11.11"]
[Round "6"]
[White "Fodor, Bernhard"]
[Black "Barche, Uwe"]
[Result "1-0"]
[WhiteElo "1281"]
[BlackElo "1437"]
[PlyCount "65"]
[EventDate "2016.09.07"]
[EventType "swiss"]
[EventRounds "7"]
[EventCountry "GER"]
[SourceTitle "EXT 2018"]
[Source "ChessBase"]
[SourceDate "2017.10.13"]
[SourceVersion "1"]
[SourceVersionDate "2017.10.13"]
[SourceQuality "1"]

1. f4 d5 2. Nf3 Nf6 3. d3 c5 4. g3 Nc6 5. Bg2 e6 6. 0-0 Be7 7. Re1 0-0 8. Ne5 Nxe5 9. fxe5 Nd7 10. Bf4 Qc7 11. e3 b5 12. d4 h6 13. Bxh6 gxh6 14. Qg4+ Kh7 15. Rf1 cxd4 16. exd4 Qxc2 17. Nc3 Qg6 18. Qe2 f6 19. Nxd5 exd5 20. Bxd5 Rb8 21. e6 Nb6 22. Bb3 f5 23. Rac1 Qf6 24. Rf4 Rg8 25. Rc7 Rb7 26. Rxe7+ Rxe7 27. d5 a6 28. Qd3 Rg5 29. Bc2 Rxg3+ 30. hxg3 Nxd5 31. Rxf5 Qg6 32. Rf7+ Rxf7 33. Qxg6+ 1-0

[Event "Solingen-ch"]
[Site "Solingen"]
[Date "2016.11.01"]
[Round "5"]
[White "Wallrodt, Alexander"]
[Black "Fodor, Bernhard"]
[Result "1/2-1/2"]
[WhiteElo "948"]
[BlackElo "1281"]
[PlyCount "46"]
[EventDate "2016.09.07"]
[EventType "swiss"]
[EventRounds "7"]
[EventCountry "GER"]
[SourceTitle "EXT 2018"]
[Source "ChessBase"]
[SourceDate "2017.10.13"]
[SourceVersion "1"]
[SourceVersionDate "2017.10.13"]
[SourceQuality "1"]

1. d4 e6 2. e3 Nf6 3. Bd3 d5 4. Nf3 Nc6 5. b3 Ne4 6. Nbd2 Bb4 7. 0-0 f5 8. Ne5 Nxe5 9. dxe5 0-0 10. c4 c6 11. f4 Qa5 12. Nxe4 dxe4 13. Be2 Rd8 14. Qc2 b6 15. Rd1 Bb7 16. a3 Rxd1+ 17. Qxd1 b5 18. Bb2 Rd8 19. Qc2 Rd2 20. Qc1 Rxe2 21. axb4 Qxb4 22. Qd1 Qd2 23. Qxd2 Rxd2 1/2-1/2

[Event "Solingen-ch"]
[Site "Solingen"]
[Date "2015.10.14"]
[Round "4"]
[White "Fodor, Bernhard"]
[Black "Mix, Lothar"]
[Result "0-1"]
[WhiteElo "1381"]
[BlackElo "1241"]
[PlyCount "51"]
[EventDate "2015.09.04"]
[EventType "swiss"]
[EventRounds "7"]
[EventCountry "GER"]
[SourceTitle "EXT 2018"]
[Source "ChessBase"]
[SourceDate "2017.10.13"]
[SourceVersion "1"]
[SourceVersionDate "2017.10.13"]
[SourceQuality "1"]

1. g3 d5 2. d4 Nf6 3. Bg2 Nc6 4. Nc3 e6 5. a3 Be7 6. Bd2 Nxd4 7. Bh6 Nf5 8. Bf4 Bd7 9. e4 dxe4 10. Bxe4 Nxe4 11. Nxe4 Bc6 12. f3 Nd6 13. Qe2 0-0 14. Rd1 Qe8 15. Nh3 Bb5 16. Nxd6 Bxe2 17. Nxe8 Bxd1 18. Kxd1 Raxe8 19. Bxc7 Rc8 20. Ba5 b6 21. Bc3 Rfd8+ 22. Bd2 h6 23. Nf2 f5 24. Nd3 Bf6 25. f4 Rd6 26. Nb4 0-1

[Event "Solingen op-B"]
[Site "Solingen"]
[Date "2005.05.26"]
[Round "1"]
[White "Fodor, Bernhard"]
[Black "Liu, Xiao You"]
[Result "0-1"]
[WhiteElo "1341"]
[BlackElo "1820"]
[PlyCount "48"]
[EventDate "2005.05.26"]
[EventType "swiss"]
[EventRounds "7"]
[EventCountry "GER"]
[SourceTitle "EXT 2006"]
[Source "ChessBase"]
[SourceDate "2005.11.24"]
[SourceVersion "1"]
[SourceVersionDate "2005.11.24"]
[SourceQuality "1"]

1. e4 b6 2. c4 Bb7 3. Nc3 e6 4. d4 Bb4 5. Bd3 f5 6. d5 Bxc3+ 7. bxc3 Nf6 8. Nf3 fxe4 9. Ne5 exd3 10. Bg5 0-0 11. Qxd3 Qe8 12. 0-0-0 exd5 13. Bxf6 Rxf6 14. Rhe1 Re6 15. f4 Qf8 16. g3 Rd6 17. cxd5 Bxd5 18. c4 Bb7 19. Qb3 c5 20. Rxd6 Qxd6 21. Qe3 Nc6 22. Rd1 Nd4 23. Rd2 Qe6 24. Qc3 d6 0-1